Inteligentné a iné obaly

Rýchlo rozvíjajúci sa priemysel "balenia potravín". Vymedzenie nových pojmov aktívny a inteligentný obal. Využitie nových druhov obalov.

Salvato in:
Dettagli Bibliografici
Natura: Capitolo di libro
Lingua:slovacco
Soggetti:
Tags: Aggiungi Tag
Nessun Tag, puoi essere il primo ad aggiungerne!!

MARC

LEADER 00000naa a2200000 4500
001 r040396
005 20230920072704.5
041 0 |a slo 
044 |a SK 
245 1 0 |a Inteligentné a iné obaly 
520 |a Rýchlo rozvíjajúci sa priemysel "balenia potravín". Vymedzenie nových pojmov aktívny a inteligentný obal. Využitie nových druhov obalov. 
610 2 0 |a technika obalová 
610 2 0 |a technika nová 
610 2 0 |a obaly 
610 2 0 |a potraviny 
610 2 0 |a ochrana zdravia